Statistics for Top 100 Footballers In The World 2015

Click here to take the quiz!

General Stats

  • This quiz has been taken 684 times
  • The average score is 70 of 100

Answer Stats

HintAnswer% Correct
1MidfielderPortugalReal MadridCristiano Ronaldo
99%
2Midfielder/StrikerArgentinaBarcelonaLionel Messi
99%
6MidfielderWalesReal MadridGareth Bale
98%
4StrikerBrazilBarcelonaNeymar
98%
5StrikerUruguayBarcelonaLuis Suarez
97%
3GoalkeeperGermanyBayern MunichManuel Neuer
95%
7MidfielderColombiaReal MadridJames Rodriguez
93%
9MidfielderSpainBarcelonaAndres Iniesta
91%
12MidfielderBelgiumChelseaEden Hazard
91%
17StrikerFranceReal MadridKarim Benzema
91%
13StrikerSwedenPSGZlatan Ibrahimovic
91%
10MidfielderNetherlandsBayern MunichArjen Robben
90%
14StrikerArgentinaManchester CitySergio Aguero
90%
22GoalkeeperSpainManchester UnitedDavid de Gea
89%
11DefenderSpainBarcelonaGerard Pique
89%
8MidfielderFranceBayern MunichFranck Ribery
88%
16StrikerGermanyBayern MunichThomas Muller
88%
20MidfielderSpainManchester CityDavid Silva
87%
36StrikerPolandBayern MunichRobert Lewandowski
87%
28DefenderBrazilPSGThiago Silva
87%
23MidfielderChileArsenalAlexis Sanchez
86%
26StrikerUruguayPSGEdinson Cavani
86%
38MidfielderCroatiaReal MadridLuka Modric
86%
24MidfielderFranceJuventusPaul Pogba
86%
18MidfielderIvory CoastManchester CityYaya Toure
86%
21StrikerSpainChelseaDiego Costa
84%
44DefenderSpainReal MadridSergio Ramos
83%
37DefenderGermanyBorussia DortmundMats Hummels
82%
15DefenderGermanyBayern MunichPhilipp Lahm
82%
32MidfielderBelgiumManchester CityKevin de Bruyne
81%
31GoalkeeperBelgiumChelseaThibaut Courtois
80%
19MidfielderSpainChelseaCesc Fabregas
79%
56GoalkeeperItalyJuventusGianluigi Buffon
79%
40GoalkeeperFranceTottenham HotspurHugo Lloris
79%
34MidfielderCroatiaBarcelonaIvan Rakitic
79%
41DefenderGermanyBayern MunichJerome Boateng
79%
47DefenderPortugalReal MadridPepe
79%
27MidfielderFranceAtletico MadridAntoine Griezmann
78%
25MidfielderBrazilChelseaOscar
78%
49DefenderBelgiumManchester CityVincent Kompany
78%
59MidfielderGermanyArsenalMesut Ozil
77%
52StrikerNetherlandsFenerbahceRobin van Persie
77%
53StrikerEnglandManchester UnitedWayne Rooney
77%
35StrikerArgentinaNapoliGonzalo Higuain
76%
43StrikerColombiaChelseaRadamel Falcao
76%
51MidfielderChileBayern MunichArturo Vidal
75%
60MidfielderArgentinaPSGAngel di Maria
74%
54GoalkeeperEnglandManchester CityJoe Hart
74%
64GoalkeeperCzech RepublicArsenalPetr Cech
74%
48MidfielderGermanyManchester UnitedBastian Schweinsteiger
73%
63DefenderBrazilBarcelonaDani Alves
72%
78StrikerEnglandTottenham HotspurHarry Kane
72%
30MidfielderSerbiaChelseaNemanja Matic
71%
46MidfielderTurkeyBarcelonaArda Turan
70%
33StrikerCroatiaJuventusMario Mandzukic
70%
57MidfielderDenmarkTottenham HotspurChristian Eriksen
69%
67DefenderBrazilPSGDavid Luiz
67%
65StrikerBosnia and HerzegovinaRomaEdin Dzeko
67%
71GoalkeeperSpainPortoIker Casillas
67%
100StrikerFranceArsenalOlivier Giroud
67%
62MidfielderWalesArsenalAaron Ramsey
66%
97StrikerBrazilZenitHulk
66%
68DefenderEnglandChelseaJohn Terry
66%
50MidfielderBrazilChelseaWillian
66%
29MidfielderNetherlandsManchester UnitedMemphis Depay
65%
88DefenderBrazilReal MadridMarcelo
64%
81MidfielderBrazilLiverpoolPhilippe Coutinho
64%
66MidfielderSlovakiaNapoliMarek Hamsik
63%
58StrikerFranceLyonAlexandre Lacazette
61%
61MidfielderSpainArsenalSanti Cazorla
61%
87MidfielderSpainBarcelonaSergio Busquets
60%
95DefenderSerbiaChelseaBranislav Ivanovic
57%
93MidfielderSwitzerlandStoke CityXherdan Shaqiri
57%
92StrikerBelgiumLiverpoolChristian Benteke
56%
45StrikerColombiaAtletico MadridJackson Martinez
56%
39MidfielderGermanyBayern MunichMario Gotze
55%
69MidfielderArgentinaPSGJavier Pastore
54%
89MidfielderSpainAtletico MadridKoke
54%
94MidfielderSpainBayern MunichXabi Alonso
54%
85MidfielderBrazilManchester CityFernandinho
53%
73MidfielderBosnia and HerzegovinaRomaMiralem Pjanic
53%
42MidfielderArgentinaPSGEzequiel Lavezzi
52%
86MidfielderSpainReal MadridIsco
52%
80MidfielderEnglandManchester CityRaheem Sterling
51%
82DefenderGermanyArsenalPer Mertesacker
50%
84MidfielderFranceManchester CitySamir Nasri
50%
98GoalkeeperItalyPSGSalvatore Sirigu
48%
96MidfielderPortugalMonacoJoao Moutinho
47%
90MidfielderCroatiaReal MadridMateo Kovacic
45%
75MidfielderBrazilLiverpoolRoberto Firmino
45%
99MidfielderFranceCrystal PalaceYohan Cabaye
45%
55MidfielderGermanyWolfsburgJulian Draxler
41%
70DefenderBrazilWolfsburgDante
40%
76DefenderSerbiaBorussia DortmundNeven Subotic
38%
72DefenderBrazilInter MilanMiranda
37%
79MidfielderNetherlandsRomaKevin Strootman
35%
74MidfielderBrazilPSGLucas Moura
33%
77DefenderGermanySchalkeBenedikt Howedes
32%
83DefenderPolandBorussia DortmundLukasz Piszczek
32%
91MidfielderPortugalSporting LisbonWilliam Carvalho
27%

Score Distribution

Percentile by Number Answered

Percent of People with Each Score

Your Score History

You have not taken this quiz